| 000 | 00535nam a2200145 4500 | ||
|---|---|---|---|
| 008 | 020509s miu engt | ||
| 090 |
_a616.86 _bC88 |
||
| 245 | 1 | 0 |
_aA Cry for freedom [videorecording] / _cGospel Films. |
| 260 |
_aMichigan : _bGospel Films, _cn.d,. |
||
| 300 |
_a2 videocassettes (39 mins.) : _bsd., col. |
||
| 650 | 4 |
_aDrug abuse _xReligious aspects _xChristianity. |
|
| 650 | 4 |
_aNarcotic addicts _xReligious aspects _xChristianity. |
|
| 710 | 2 | 2 | _aGospel Films |
| 951 |
_pV-1116 _o616.86/C88-2 _j070613111105390 _d2000-12-21 _cVT |
||
| 999 |
_c6728 _d6728 |
||